|
|
|
|
| LEADER |
00000nab a2200000 ar4500 |
| 001 |
vtls009338178 |
| 003 |
SK-MaSNL |
| 005 |
20260303055532.0 |
| 008 |
080925c1976 xo |r|p|||||||000 b|slo |
| 015 |
|
|
|a SNBRB1976
|
| 038 |
|
|
|a SNKBUCL
|
| 040 |
|
|
|a SNKBUCL
|b slo
|c SNKBUCL
|e AACR2
|
| 041 |
|
|
|a slo
|
| 044 |
|
|
|a xo
|c SK
|
| 080 |
|
|
|a 78.071.2
|2 1997
|
| 100 |
1 |
|
|a Jirásková, Jiřina,
|d 1935-
|4 aut
|9 71048
|
| 245 |
1 |
0 |
|a Vladimir Spivakov a Jela Špitková
|c Jiřina Jirásková
|
| 600 |
1 |
7 |
|a Spivakov, Vladimir,
|d 1944-
|2 snkbucl
|9 942350
|
| 600 |
1 |
7 |
|a Špitková, Jela,
|d 1947-
|2 snkbucl
|9 116302
|
| 773 |
0 |
|
|t Gramorevue 76
|g Roč. 12, č. 4 (1976), s. 11
|
| 852 |
|
|
|a SNK
|b KIS3GCP
|
| 958 |
|
|
|a BC
|
| 999 |
|
|
|c 1727821
|d 1729751
|